Normal view
MARC view
Entry Topical Term
001 - CONTROL NUMBER
- control field: 1247
003 - CONTROL NUMBER IDENTIFIER
- control field: OSt
005 - DATE AND TIME OF LATEST TRANSACTION
- control field: 20240815100502.0
008 - FIXED-LENGTH DATA ELEMENTS
- fixed length control field: 240815|| aca||aabn | a|a d
040 ## - CATALOGING SOURCE
- Original cataloging agency: OSt
- Transcribing agency: OSt
150 ## - HEADING--TOPICAL TERM
- Topical term or geographic name entry element: Web search engines
670 ## - SOURCE DATA FOUND
- Source citation: Work cat.: (OSt)32876: Cohen, Steven M., 1974- 1243, Keeping current :, 2003.